| 000 | 01281cam a22003737a 4500 | ||
|---|---|---|---|
| 003 | CHAP | ||
| 005 | 20220817042209.0 | ||
| 008 | 971013s1982 r 00010 d | ||
| 010 | _a37390 | ||
| 011 | _a38362 | ||
| 020 | _a9682411378 | ||
| 035 | _a42482 | ||
| 040 | _cCHAP | ||
| 090 | _aFolleto 7296 | ||
| 100 | 0 | 0 |
_aMeyer, Marco R. _975294 |
| 245 | 1 | 0 |
_aControl de calidad de productos agropecuarios _c/ por Marco R. Meyer |
| 260 |
_aMéxico, D.F. : _bTrillas, _c1982 |
||
| 300 |
_a102 p. : _bilus. ; diagrama |
||
| 490 | 0 |
_aManuales para educación agropecuaria. _pIndustrias rurales _v; 33 |
|
| 500 | _ac.2, 3 ed. por D.G.E.T.A. | ||
| 500 | _aEn bodega c.4 | ||
| 590 |
_aBATCH-UPD _b10 _c20130110 _lUCH01 _h1150 |
||
| 590 |
_aBATCH-UPD _b10 _c20130410 _lUCH01 _h0734 |
||
| 590 |
_aBATCH-UPD _b10 _c20130914 _lUCH01 _h0133 |
||
| 590 |
_aCONVERSION _b10 _c20130109 _lUCH01 _h1321 |
||
| 650 | 1 | 4 |
_aAlimentos _xAnálisis. _94164 |
| 650 | 1 | 4 |
_aAlimentos _xCalidad. |
| 830 | 0 |
_aManuales para educación agropecuaria. _pIndustrias rurales _v; 33 _970690 |
|
| 901 | _aBK | ||
| 942 | _cFOLL | ||
| 949 |
_aFolleto 7296 _bBC _cFOLL _d-97839 _eTS1 _i42482 _si |
||
| 949 |
_aFolleto 7296 _bBC _cFOLL _d-97840 _eTS2 _fc.2 _i42482 _si |
||
| 949 |
_aFolleto 7296 _bBC _cFOLL _d-97841 _eTS2 _fc.3 _i42482 _si |
||
| 999 |
_c37390 _d37390 |
||